MARC

LEADER 00000nam0a2200000 4500
001 376006
005 20231102012802.0
035 |a (RuTPU)RU\TPU\retro\33445 
035 |a RU\TPU\book\322020 
090 |a 376006 
100 |a 20221221d1981 km y0rusy50 ca 
101 0 |a rus 
102 |a RU 
105 |a ac z 001zb 
200 1 |a Николай Яковлевич Мясковский  |f З. К. Гулинская  |g под ред. Т. Коровиной 
210 |a Москва  |c Музыка  |d 1981 
215 |a 191 с.  |c ил. 
320 |a Вступительная статья: с. 5-7 
320 |a Список рекомендуемой литературы: с. 190 
600 1 |a Мясковский  |b Н. Я.  |c русский композитор  |f 1881-1950  |g Николай Яковлевич  |2 stltpush  |3 (RuTPU)RU\TPU\pers\11071  |9 2446 
606 1 |a Композиторы  |2 stltpush  |3 (RuTPU)RU\TPU\subj\15032  |9 41330 
610 1 |a музыка 
610 1 |a русская музыка 
610 1 |a 20 век 
610 1 |a биографии 
675 |a 78.071.1  |v 3 
700 1 |a Гулинская  |b З. К.  |g Зоя Константиновна  |4 070 
702 1 |a Коровина  |b Т.  |4 340 
801 1 |a RU  |b 63413507  |c 20070524  |g PSBO 
801 2 |a RU  |b 63413507  |c 20221221  |g PSBO 
942 |c BK